000 00722nam a22002177a 4500
003 OSt
005 20170421151138.0
008 170421b xxu||||| |||| 00| 0 eng d
020 _a978-0-07-147899-1
040 _aDMLN
_cMLN
082 _aWB330,P494p,2008
100 _aDipiro,Joseph T. Talbert,Robert L. Yee ,Gary C.
_912112
245 _aPharmacotherapy:Apathophysiologic Approach
250 _a7th ed
260 _aNewYork:McGrawHill Medical,2008
300 _axxxii,2559;ill.-28cm
504 _aincludes index,appendix,and glossary
600 _ahttp://koha.must.ac.ug:8080/cgi-bin/koha/cataloguing/addbiblio.pl?frameworkcode=BKS#tab2XX
_912113
650 _apharmacotherapy
_912081
942 _2z
_cSLOAN
_k11/0070
999 _c5832
_d5832